|
|
|
|
| LEADER |
00000nab a2200000 a 4500 |
| 001 |
vtls011125008 |
| 003 |
SK-MaSNL |
| 005 |
20260304214246.0 |
| 008 |
230222|1989 xo |||||||||||||||||slo| |
| 015 |
|
|
|a SNBRB
|
| 035 |
|
|
|a (uuid)5db68284-e7d5-4036-b298-22c01e46c82b
|
| 035 |
|
|
|a (urnnbn)urn:nbn:sk:snk:ar-a098k2
|
| 035 |
|
|
|a urn:nbn:sk:snk-aba19k
|
| 040 |
|
|
|a SNKBUCL
|b slo
|c SNKBUCL
|e AACR2
|
| 041 |
0 |
|
|a slo
|
| 044 |
|
|
|a xo
|c SK
|
| 100 |
1 |
|
|a Pajtík, Jozef
|4 aut
|9 279380
|
| 245 |
1 |
0 |
|a VÝROBA SADROVOVLÁKNITÝCH DOSIEK Z PARCIÁLNE HYDROLYZOVANÝCH ŠTIEPOK
|c Jozef Pajtík, Juraj Ladomerský
|
| 700 |
1 |
|
|a Ladomerský, Juraj,
|d 1948-
|4 aut
|9 112509
|
| 773 |
0 |
|
|t Zborník vedeckých prác Drevárskej fakulty Vysokej školy lesníckej a drevárskej vo Zvolene
|g Č. 1 (1989), s. 155-165
|
| 954 |
|
|
|a odborná, vedecká literatúra pôvodná (slovenská)
|2 lita
|
| 958 |
|
|
|a OND
|
| 958 |
|
|
|a EUIPO
|
| 958 |
|
|
|a article13
|
| 999 |
|
|
|c 3140371
|d 3142301
|